| 000 | 00839cam a2200241 4500 | ||
|---|---|---|---|
| 001 | ABS61530 | ||
| 008 | 000000n1999 000 0 eng u | ||
| 035 | _a(Sirsi) u102502 | ||
| 245 | _aSupermarket special | ||
| 260 | _c1999 | ||
| 490 |
_aBuilding _v264(8113) 19 November 1999, 48-67(10) |
||
| 520 | _aA special feature on supermarkets, looking at environmentally-friendly design, the future for supermarket development, Wal-Mart's procurement philosophy and modular construction. | ||
| 590 | _aABS | ||
| 650 | _aSUPERMARKETS | ||
| 650 | _aENVIRONMENTALLY-FRIENDLY BUILDINGS | ||
| 650 | _aMODULAR CONSTRUCTION | ||
| 650 | _aProcurement-old | ||
| 650 | _aWAL-MART | ||
| 650 | _aCONSTRUCTION COSTS | ||
| 650 | _aBUILT ENVIRONMENT-CONSTRUCTION DESIGN | ||
| 690 | _aPROPERTY-COMMERCIAL PROPERTY-RETAIL PROPERTY | ||
| 942 | _n0 | ||
| 999 |
_c61514 _d61514 |
||